Famiglia Novecento : (Record n. 29940)

Dettagli MARC
000 -LEADER
fixed length control field 01064nam a2200313 i 4500
003 - CONTROL NUMBER IDENTIFIER
control field IT-RoINE
005 - DATE AND TIME OF LATEST TRANSACTION
control field 20190409063915.0
008 - FIXED-LENGTH DATA ELEMENTS--GENERAL INFORMATION
fixed length control field 131203s2013 it a||||r |||1 ||ita d
020 ## - INTERNATIONAL STANDARD BOOK NUMBER
International Standard Book Number 9788806203948
040 ## - CATALOGING SOURCE
Transcribing agency IT-RoINE
Modifying agency IT-RoINE
041 #7 - LANGUAGE CODE
Language code of text/sound track or separate title ita
Source of code ISO-639-2
Language code of original and/or intermediate translations of text eng
100 1# - MAIN ENTRY--PERSONAL NAME
Personal name Ginsborg, Paul,
Dates associated with a name 1945-
9 (RLIN) 52735
240 ## - UNIFORM TITLE
Uniform title Family politics.
Language of a work Italiano
245 10 - TITLE STATEMENT
Title Famiglia Novecento :
Remainder of title vita familiare, rivoluzione e dittature, 1900-1950 /
Statement of responsibility, etc Paul Ginsborg.
260 ## - PUBLICATION, DISTRIBUTION, ETC. (IMPRINT)
Place of publication, distribution, etc Torino :
Name of publisher, distributor, etc Einaudi,
Date of publication, distribution, etc 2013.
300 ## - PHYSICAL DESCRIPTION
Extent XXVIII, 678 p., [8] p. de lám.
Other physical details il. ;
Dimensions 24 cm.
336 ## - CONTENT TYPE
Source rdacontent
Content type term text
337 ## - MEDIA TYPE
Source rdamedia
Media type term unmediated
338 ## - CARRIER TYPE
Source rdacarrier
Carrier type term volume
490 1# - SERIES STATEMENT
Series statement Einaudi storia ;
Volume number/sequential designation 51
500 ## - GENERAL NOTE
General note Traducción de: Family politics, por Emilia Benghi.
500 ## - GENERAL NOTE
General note Incluye índice.
504 ## - BIBLIOGRAPHY, ETC. NOTE
Bibliography, etc Bibliografía en notas.
650 ## - SUBJECT ADDED ENTRY--TOPICAL TERM
Topical term or geographic name as entry element Familia
Geographic subdivision Europa
General subdivision Historia
Chronological subdivision 1900-1950
9 (RLIN) 58643
650 #4 - SUBJECT ADDED ENTRY--TOPICAL TERM
Topical term or geographic name as entry element Historia social
Geographic subdivision Europa
Chronological subdivision 1900-1950
9 (RLIN) 58644
700 1# - ADDED ENTRY--PERSONAL NAME
Personal name Benghi, Emilia
9 (RLIN) 58645
830 #0 - SERIES ADDED ENTRY--UNIFORM TITLE
Uniform title Einaudi storia ;
Volume number/sequential designation 51
9 (RLIN) 35450
942 ## - ADDED ENTRY ELEMENTS (KOHA)
Item type Monografías
Dati di copia
Withdrawn status Lost status Damaged status Not for loan Home library Current library Shelving location Date acquired Total Checkouts Full call number Barcode Date last seen Price effective from Koha item type
        Iglesia Nacional Española en Roma Iglesia Nacional Española en Roma Depósito 09/04/2019   HIS.GEN 430 55854 09/04/2019 09/04/2019 Monografías